=LDR 00000nam 2200000 4500 =001 INLIS000000000029422 =005 20200611072747 =035 ##$$a 0010-061300000029422 =008 200611################g##########0#ind## =041 ##$$a Ind =082 ##$$a 2x4.1 =090 ##$$a 2x4.1, Naf m =100 1#$$a Nafis, Muhammad Wahyui =245 1#$$a Menangkap hikmah serba dari dia, /$c Muhammad Wahyuni Nafis =260 ##$$a Jakarta :$b Raja Grafindo Persada,$c 1998 =300 ##$$a 162 hlm, ; $c 10x18 cm =650 #4$$a Agama Islam =850 ##$$a NBPNMAT =020 ##$$a 979-421-692-5 =084 ##$$a 2x4.1 NAF m =250 ##$$a cet.1 =990 ##$$a 142.239/PRO.99